000 01040nam a22003017a 4500
001 BR7603359
003 BR-BrBNA
005 20230928085023.0
007 ta
008 230509b bl.||||| |||| 00| 0 por d
040 _aBR-BrBNA
_bpor
_cBiblioteca Nacional de Agricultura
041 _a(Por)
072 _aP00; F24; F23
_b/G514
_b/GZ65
_b/GZ35
090 _ P00 BR7603359
110 1 _aSuperintendencia do Desenvolvimento da Amazonia, Belem, PA (Brasil). Depto. de Recursos Naturais
_910055
245 1 _aRecursos naturais e potencialidades de aproveitamento economico nos vales dos rios Xingu e Tapajos [Reconhecimento do solo; Classificacao do solo; Brasil]
_b1 - Geologia e Recursos Naturais
260 3 _aBelem, PA (Brasil):
_c1976.
300 _a83 p.
500 _aMap (Scale 1:2,000,000)
650 _aBACIA HIDROGRAFICA
650 _aLEVANTAMENTO FISIOGRAFICO
650 _aGEOLOGIA
650 _aMINERALOGIA
650 _aRIO XINGU
650 _aRIO TAPAJOS
909 _a202309
_bLucia
_c55
_dLucia Elande
942 _cBK
999 _c22417
_d22417